00804nam a22001937a 4500008004100000020001500041040001800056041000800074100003300082245017400115260007400289300002400363500002200387600003400409650003100443650005700474700004300531700003600574130821s1994 xxu gr eng  a0226042375 aCo-BoUCMbspa00aeng1 aBenjamin, Walterd1892-1940.14aThe correspondence of Walter Benjamin, 1910-1940cedición y anotaciones Gershom Scholem y Theodor W. Adorno ; traducción de Manfred R. Jacobson y Evelyn M. Jacobson. aChicago (Illinois, estados Unidos)bUniversity of Chicago Pressc1994 axxii, 651 páginas aIncluye índice.10aBenjamín, Walterd1892-194004aAutores alemanesySiglo XX04aEscritores alemanesvCorrespondencia, memorias, etc.1 aAdorno, Theodor Wiesengrundd1903-19691 aScholem, Gershom Gerhardd1897-